L'Eredità - Ghigliottina #9 - Statistics

Statistiche generali
  • Questo quiz è stato fatto 59 volte
  • Il punteggio medio è 3 su 5
Statistiche sulle risposte
Risposta % Corretto
La risposta è Tasso Miele: il tasso del miele è un animale. Fisso: il tasso fisso è una modalità di calcolo di un piano di ammortamento. Interesse: il tasso di interesse è la percentuale dell'interesse su un prestito. Cambio: il tasso di cambio è il numero di unità di moneta estera che può essere acquistato con un'unità di moneta nazionale. Sconto: il tasso di sconto è il tasso applicato per il calcolo dello sconto.
80%
La risposta è Carne Rossa: la carne rossa è un tipo di carne. Vale: concatenando carne e vale si ottiene Carnevale. Coltivata: la carne coltivata è un prodotto edibile generato in laboratorio. Maiale: la carne di maiale è una delle più consumate al mondo. Scatola: la carne in scatola è un noto prodotto alimentare.
58%
La risposta è Palma Dattero: dalla palma da dattero. Nana: la palma nana è una specie di palma. Oro: la “Palma d’oro” è il premio assegnato durante il Festival di Cannes. Olio: l’olio di palma è un grasso vegetale. Dubai: a Dubai sono presenti gigantesche isole artificiali a forma di palma.
46%
La risposta è Diavolo Povero: dall’espressione “un povero diavolo”. Sabbia: il diavolo di sabbia è un fenomeno meteorologico. Capello: dall’espressione “avere un diavolo per capello”. Pentole: dall’espressione “il diavolo fa le pentole, ma non i coperchi”. Caduto: il diavolo è un angelo caduto.
38%
La risposta è Tartufo Cane: alcune razze di cani sono impiegate per trovare i tartufi. Pizzo: il tartufo di Pizzo è un dolce. Nero: il tartufo nero è una varietà di tartufo. Fungo: il tartufo è un fungo. Noce: il tartufo di mare è un mollusco conosciuto anche come noce.
36%
Nessun quiz corrispondente trovato
Distribuzione punteggi
Percentuale di utenti per punteggio
Percentile per numero di risposta
I tuoi punteggi nel tempo
Non hai fatto questo quiz